000 00537nam a22001457a 4500
020 _a81-86332-95-2
082 _a0014
_bSIN/M
100 _aSINGH, RAJESH
245 _aMATHEMATICS QUIZ
260 _aNEW DELHI
_bNEW LIGHT PUBLISHERS
300 _a424
520 _aA quiz in mathematics is a short examination designed to gauge a student's grasp of the subject over a relatively brief period. Using quizzes like this is a great way to gauge a student body's mathematics knowledge, ability, and potential.
650 _aG.K
942 _cBK
999 _c6729
_d6729